Content and form in teaching business English

Gespeichert in:
Bibliographische Detailangaben
1. Verfasser: Svobodová, Helena
Format: Buchkapitel
Sprache:Englisch
Tags: Tag hinzufügen
Keine Tags, Fügen Sie das erste Tag hinzu!

MARC

LEADER 00000naa$a2200000$$$4500
001 0130046
005 20240502072504.6
041 0 |a eng 
044 |a SK 
245 1 0 |a Content and form in teaching business English  |c Helena Svobodová 
100 1 |a Svobodová, Helena